000 00540nam a2200181Ia 4500
001 25314
005 20260414151141.0
008 260414t1999||||xx |||||||||||||| ||spa||
041 _aESP
082 _a346.46
_bI59 1999
110 _aInstituto Nacional de Defensa de la Competencia y de la Protección de la Propiedad Intelectual (Perú)
245 0 _aJurisprudencia de defensa de la competencia 1996
_b
260 _c1999
300 _axxxiii, 628 páginas :
_c24 cm.
650 _aDER
654 _aCDE
942 _cLIB
_dJUS
_fJUS
_2ddc
_n
999 _c25314
_d25314